000 nam a22 7a 4500
999 _c332199
_d332199
003 NUST
005 20171117120310.0
008 171117b xxu||||| |||| 00| 0 eng d
020 _a817648587x
040 _c0
082 _a628.5 KUM
100 _aKumar,Arvind
_95839
245 _aEnvironmental Contamination & Bioreclamation
_cArvind Kumar
260 _aNew Delhi
_bAPH
_c2004
300 _a495p.
500 _aH.B
942 _2ddc
_cBK
_kIESE